Truppengattungen der Bundeswehr mit den jeweiligen Waffenfarben - Statistiken

Allgemein
  • Dieses Quiz wurde 193 mal gespielt
    192 seit der letzten Aktualisierung
  • Das Durchschnittsergebnis liegt bei 6 aus 15
Antwortstatistiken
Bildquiz Hint Antwort % Korrekt
Rosa Panzertruppe
70%
Jägergrün Jägertruppe
66%
Hochrot Artillerietruppe
48%
Orange Feldjägertruppe
48%
Zitronengelb Fernmeldetruppe
48%
Schwarz Pioniertruppe
44%
Bordeauxrot ABC-Abwehrtruppe
40%
Dunkelblau Sanitätstruppe
37%
Mittelblau Logistiktruppe
36%
Hellgrau Heeresfliegertruppe
32%
Goldgelb Heeresaufklärungstruppe
28%
Hochrot Generale
26%
Weiß Militärmusikdienst
20%
Goldgelb Luftwaffenuniformträger
15%
Karmesinrot Offizier im Generalstabsdienst
10%
Keine übereinstimmenden Quizze gefunden
Verteilung der Resultate
Anzahl Personen mit jedem Resultat
Perzentil nach korrekt beantworteten Fragen
Ihre Resultats-Entwicklung
Sie haben dieses Quiz seit der letzten Aktualisierung nicht gespielt